000 00220nam a22000857a 4500
008 170613b xxu||||| |||| 00| 0 eng d
100 _93369
_aMphan. A
245 _aEdgeways multi skill english
260 _aNew Delhi
_bPCB
_c2010
999 _c6706
_d6706